Into the storm / (Record no. 684)
[ view plain ]
| 000 -LEADER | |
|---|---|
| fixed length control field | 01256nam a22002417a 4500 |
| 005 - DATE AND TIME OF LATEST TRANSACTION | |
| control field | 20231124111607.0 |
| 020 ## - INTERNATIONAL STANDARD BOOK NUMBER | |
| International Standard Book Number | 9780545398459 |
| 040 ## - CATALOGING SOURCE | |
| Original cataloging agency | FISKH |
| Language of cataloging | eng |
| Transcribing agency | FISKH |
| Modifying agency | FISKH |
| 050 ## - LIBRARY OF CONGRESS CALL NUMBER | |
| Classification number | PZ7.A953 |
| 082 ## - DEWEY DECIMAL CLASSIFICATION NUMBER | |
| Classification number | 813.5 |
| 100 ## - MAIN ENTRY--PERSONAL NAME | |
| Personal name | Avi |
| 245 ## - TITLE STATEMENT | |
| Title | Into the storm / |
| Statement of responsibility, etc. | Avi |
| 250 ## - EDITION STATEMENT | |
| Edition statement | This edition first printing May 2012 |
| 260 ## - PUBLICATION, DISTRIBUTION, ETC. | |
| Place of publication, distribution, etc. | New York : |
| Name of publisher, distributor, etc. | Scholastic, |
| Date of publication, distribution, etc. | 1996. |
| 300 ## - PHYSICAL DESCRIPTION | |
| Extent | 380 pages : |
| Dimensions | 20 cm |
| 490 ## - SERIES STATEMENT | |
| Series statement | Beyond the western sea |
| Volume/sequential designation | Book 2 |
| 520 ## - SUMMARY, ETC. | |
| Summary, etc. | Avi's suspenseful seafaring adventure ESCAPE FROM HOME continues in INTO THE STORM.Fifteen-year-old Maura and twelve-year-old Patrick O'Connell are finally free from the impoverished conditions of their small Irish village. Though they've made it onto the ship to America, there's still a treacherous journey ahead of them.In the storage hold, ten-year-old Laurence Kirkle struggles to survive and stay hidden as the ship's crew searches for stowaways to throw overboard. All three children are in search of a better world and a new home. But will they find what they're looking for in America?Once again, Avi skillfully creates an edge-of-your-seat adventure brimming with action and heart. |
| 650 ## - SUBJECT ADDED ENTRY--TOPICAL TERM | |
| Topical term or geographic name entry element | Storms |
| 650 ## - SUBJECT ADDED ENTRY--TOPICAL TERM | |
| Topical term or geographic name entry element | Ocean |
| 650 ## - SUBJECT ADDED ENTRY--TOPICAL TERM | |
| Topical term or geographic name entry element | Ships |
| 942 ## - ADDED ENTRY ELEMENTS (KOHA) | |
| Source of classification or shelving scheme | Dewey Decimal Classification |
| Koha item type | Books |
| Suppress in OPAC | No |
| 999 ## - | |
| -- | 684 |
| -- | 684 |
| Withdrawn status | Lost status | Source of classification or shelving scheme | Damaged status | Not for loan | Collection | Home library | Current library | Shelving location | Date acquired | Total Checkouts | Full call number | Barcode | Date last seen | Price effective from | Koha item type |
|---|---|---|---|---|---|---|---|---|---|---|---|---|---|---|---|
| Dewey Decimal Classification | Fiction | Footprints International School Library Network Toul Kork Campus | Footprints International School Library Network Toul Kork Campus | 06/29/2023 | AVI Fic PZ7.A953 | FISSE00420 | 06/29/2023 | 06/29/2023 | Books |
